000 00463nam a2200181Ia 4500
001 10634
005 20260306161846.0
008 260306t1999||||xx |||||||||||||| ||spa||
041 _aESP
082 _a946
_bG72
100 _aGonzáles Sánchez, Vidal
_eAUT
245 0 _aIsabel la católica y su fama de santidad:
_b¿mito o realidad?
260 _c1999
300 _a201 páginas :
_c23 cm.
650 _aGEN
654 _aCHU
942 _cLIB
_dJUS
_fJUS
_2ddc
_n
999 _c10634
_d10634